|
|
|
|
| LEADER |
00679pam a22001818a 4500 |
| 001 |
00037688 |
| 005 |
20171026081025.0 |
| 008 |
170513s2003 ||||||Viesd |
| 041 |
0 |
# |
|a Vie
|
| 082 |
1 |
4 |
|a 809
|b V115H
|
| 100 |
1 |
# |
|a Đặng, Anh Đào
|
| 245 |
1 |
0 |
|a Văn học phương tây
|c Đặng Anh Đào, Hoàng Nhân, Lương Duy Trung, Nguyễn Đức Nam,[cùng những người khác ...]
|
| 260 |
# |
# |
|a Hà Nội
|b Giáo dục
|c 2003
|
| 300 |
# |
# |
|a 895tr.
|c 24 cm
|
| 653 |
# |
# |
|a Văn học phương tây
|
| 852 |
# |
# |
|b Kho đọc
|j KD.1000361
|
| 910 |
|
|
|d 13/05/2017
|
| 980 |
# |
# |
|a Trung tâm Học liệu Lê Vũ Hùng, Trường Đại học Đồng Tháp
|